000 00901nam a2200277 i 4500
001 42546
003 ES-MaACL
005 20251016161449.0
007 t|
008 030407s2002 sp ||||1| spa d
020 _a84-7517-708-5
080 _a821.111(73)-14"19"
100 1 _aPlath, Sylvia,
_d1932-1963
_9242366
245 1 0 _aArboles en invierno
_b: = (Winter trees) /
_cSylvia Plath ; traducción, presentación y notas de Manuel Ramos Chouza.
250 _aEd. bilingüe, 1ª ed.
260 _aMadrid :
_bHiperión,
_c2002.
300 _a134 p. ;
_c21 cm.
490 1 _aPoesía Hiperión ;
_v417
500 _aTexto original y traducción al español.
655 7 _2tgfbne
_9176539
_aPoesías
700 1 _aRamos Chouza, Manuel.
_995297
830 0 _aPoesía Hiperión ;
_v417
_9177326
852 _aES-MaACL
_jL-26090
_bR.131891
942 _2udc
999 _c42546
_d42546